The politics of local income tax in Sweden: reform and continuity (Record no. 65224)

000 -LEADER
fixed length control field 00510pab a2200193 454500
008 - FIXED-LENGTH DATA ELEMENTS--GENERAL INFORMATION
fixed length control field 180718b2005 xxu||||| |||| 00| 0 eng d
100 ## - MAIN ENTRY--PERSONAL NAME
Personal name Loughlin, John
245 ## - TITLE STATEMENT
Title The politics of local income tax in Sweden: reform and continuity
260 ## - PUBLICATION, DISTRIBUTION, ETC.
Date of publication, distribution, etc. 2005
300 ## - PHYSICAL DESCRIPTION
Extent p.351-66.
362 ## - DATES OF PUBLICATION AND/OR SEQUENTIAL DESIGNATION
Dates of publication and/or sequential designation Jun
650 ## - SUBJECT ADDED ENTRY--TOPICAL TERM
Topical term or geographic name entry element Income tax - Sweden
650 ## - SUBJECT ADDED ENTRY--TOPICAL TERM
Topical term or geographic name entry element Taxation - Sweden
650 ## - SUBJECT ADDED ENTRY--TOPICAL TERM
Topical term or geographic name entry element Income tax
700 ## - ADDED ENTRY--PERSONAL NAME
Personal name Hudson, Chris
700 ## - ADDED ENTRY--PERSONAL NAME
Personal name Lidstrom, Anders
773 ## - HOST ITEM ENTRY
Main entry heading Local Government Studies
909 ## -
-- 65224
Holdings
Withdrawn status Lost status Damaged status Not for loan Permanent Location Current Location Date acquired Serial Enumeration / chronology Barcode Date last seen Price effective from Koha item type
        Indian Institute of Public Administration Indian Institute of Public Administration 2018-07-19 Volume no: 31, Issue no: 3 AR65676 2018-07-19 2018-07-19 Articles

Powered by Koha